000 00413nam a2200133Ia 4500
008 151015s9999 xx 000 0 und d
020 _a313289069
050 _aRC 564.65 D78 1994
245 _aFletcher Bennett W
250 _a_Drug Abuse Treatment the implementation of innovative approaches
300 _aLondon Greenwood press 1994
650 _a_Drug abuse treatment
700 _a^d20130205 09:50:02^oanne
999 _c3848
_d3848